000 00750nam a2200241 4500
001 32550
003 AR-RoBPED
005 20260413100146.0
008 260410t1971 es |||er|||| 001 1 spa d
040 _aAR-RoBPED
041 _aspa
100 1 _aDaudet, Alphonse,
_d1840-1897
_924174
245 1 _aCartas desde mi molino /
_cAlphonse Daudet; prólogo de Carmen Riera Guilera.
260 _aEstella :
_bSalvat,
_c1971.
300 _a165 p.
490 0 _a(Biblioteca Basica Salvat;
_vN° 92)
650 4 _aLITERATURA FRANCESA
_9393
650 4 _aCUENTOS
_9291
650 4 _aRELATOS
_9495
700 _aRiera Guilera, Carmen
_930702
_eprol.
942 _2udc
_ak. 32550
_cBK
_h840-3
_mD 17
_ninv. 42377
945 _amm 10/04/2026 - cd 13/04/2026
999 _c32550
_d32550